000 01224nam a2200301 4500
003 EC-UNACH
005 20251020115920.0
006 s||||gr|||| 00| 00
008 150116t9999 mx r gr 000 0 spa d
020 _a978-970-10-6926-4
040 _aEC-UNACH
_cEC-UNACH
041 _aspa
082 0 4 _223
_a658
_bL001167
110 _aMc Graw Hill
245 _aAdministración de los servicios de enfermería
250 _aQuinta edición
264 _aMexico
_bMc Graw Hill
_c2009
300 _a313
505 _aCapitulo 1- Teoría general de la administración Capitulo 2- Instrumentos y técnicas administrativas Capitulo 3- Los servicios de enfermería Capitulo 4- Calidad total de enfermería Capitulo 5- Enfermería por procesos gerenciales Capitulo 6- Reingenieria en enfermería Capitulo 7- Planeación estratégica en enfermería Capitulo 8- Investigación para administrar
650 _aAdministración empírica
650 _aTeoría del desarrollo organizacional
650 _aSistema de la salud y la calidad
700 _aMa de la Luz Balderas Pedrero
942 _2ddc
_c1
999 _c14039